Založenie, štruktúra a pôsobnosť Medzinárodného trestného súdu bakalárska práca

Salvato in:
Dettagli Bibliografici
Autore principale: Kamenická, Martina
Ente Autore: Fakulta medzinárodných vzťahov EU. Katedra medzinárodného práva
Altri autori: Pyteľová, Klaudia, 1985-
Natura: Libro
Lingua:slovacco
Pubblicazione: Bratislava 2014
Tags: Aggiungi Tag
Nessun Tag, puoi essere il primo ad aggiungerne!!

MARC

LEADER 00000nbm a2200000 4500
001 0187749
005 20170201090918.7
041 0 |a slo 
044 |a SK 
245 1 0 |a Založenie, štruktúra a pôsobnosť Medzinárodného trestného súdu  |b bakalárska práca  |c Martina Kamenická ; školiteľ: Klaudia Pyteľová 
264 1 |a Bratislava  |c 2014 
300 |a 62 s. 
100 1 |a Kamenická, Martina 
700 1 |a Pyteľová, Klaudia, 1985- 
710 2 |a Fakulta medzinárodných vzťahov EU. Katedra medzinárodného práva